000 00319nam a22001337a 4500
008 171002b xxu||||| |||| 00| 0 eng d
020 _a9781557980816
041 _aeng
080 _a159.9
100 _a48
101 _aPSI
245 _aACTIVITIES HANDBOOK TEACHING PHYSIOLOGY
_cLANDLEY.CH.P
942 _2udc
_cBK
999 _c31209
_d31209